000 01162nam0a2200349 4500
001 RU\NLR\bibl\177932
005 20250618062123.0
010 _a5-227-01237-7
_98000
021 _aRU
_b2001-24248
_91150
035 _a(NLR Aleph) 000174621
090 _a1007034
_c1007034
100 _a20010808d2001 |||y0rusy50 ca
101 0 _arus
102 _aRU
105 _aa |||||||||
200 1 _aНашествие с севера
_eМаг. фантастика
_e[Роман]
_fСергей Юрьев
210 _aМ.
_cЦентрполиграф
_d2001
215 _a473,[1] с.
_cил.
_d21
225 1 _aПерекресток богов
610 0 _aФантастические романы и рассказы (х. л.)
675 _a821.161.1-31Юрьев
_v3
_zrus
686 _a17.82
_2rugasnti
686 _a84(2Рос=Рус)6-44
_2rubbk
686 _aШ6(2=Р)75-445
700 1 _aЮрьев
_bС. С.
_gСергей Станиславович
_4070
801 0 _aRU
_bRKP
_c20010808
_gPSBO
801 1 _aRU
_bRKP
_c20010808
801 2 _aRU
_bNLR
_c20010904
_grcr
942 _cBOOK
980 _aNB